000 00430nam a22001457a 4500
005 20250228090128.0
008 250228b |||||||| |||| 00| 0 eng d
040 _aKMU
_cKMU
_dKMU
100 _aChela, Chrispin
245 _aFish Value Analysis in Nchelenge District/
_cChrispin Chela
260 _aChinsali:
_bKapasa Makasa University,
_c2020.
300 _aiii, 19p.:
_bill;
_c30 cm
650 _aFisheries and Aquac
942 _cPR
_n0
999 _c1691
_d1691